Oscars for Best Supporting Actress 1990-2025 - Statistics

General Stats
  • This quiz has been taken 308 times
    33 since last reset
  • The average score is 28 of 36
Answer Stats
Question Answer % Correct
2022 Jamie Lee Curtis (Everything Everywhere All at Once)
97%
2012 Anne Hathaway (Les Misérables)
93%
2007 Tilda Swinton (Michael Clayton)
93%
2024 Zoe Saldaña (Emilia Pérez)
93%
2023 Da'Vine Joy Randolph (The Holdovers)
90%
2013 Lupita Nyong'o (12 Years a Slave)
90%
1992 Marisa Tomei (My Cousin Vinny)
90%
2002 Catherine Zeta-Jones (Chicago)
87%
2006 Jennifer Hudson (Dreamgirls)
87%
2011 Octavia Spencer (The Help)
87%
2017 Allison Janney (I, Tonya)
83%
1999 Angelina Jolie (Girl, Interrupted)
83%
1998 Judi Dench (Shakespeare in Love)
83%
2025 Amy Madigan (Weapons)
80%
1993 Anna Paquin (The Piano)
80%
1996 Juliette Binoche (The English Patient)
80%
1997 Kim Basinger (L.A. Confidential)
80%
2009 Mo'Nique (Precious)
80%
2014 Patricia Arquette (Boyhood)
80%
2004 Cate Blanchett (The Aviator)
77%
2001 Jennifer Connelly (A Beautiful Mind)
77%
2019 Laura Dern (Marriage Story)
77%
2008 Penélope Cruz (Vicky Cristina Barcelona)
77%
2015 Alicia Vikander (The Danish Girl)
73%
1995 Mira Sorvino (Mighty Aphrodite)
73%
2005 Rachel Weisz (The Constant Gardener)
73%
1990 Whoopi Goldberg (Ghost)
73%
2021 Ariana DeBose (West Side Story)
70%
2018 Regina King (If Beale Street Could Talk)
70%
2003 Renée Zellweger (Cold Mountain)
70%
2020 Youn Yuh-jung (Minari)
70%
2010 Melissa Leo (The Fighter)
67%
2016 Viola Davis (Fences)
67%
2000 Marcia Gay Harden (Pollock)
60%
1994 Dianne Wiest (Bullets over Broadway)
53%
1991 Mercedes Ruehl (The Fisher King)
50%
No matching quizzes found
Score Distribution
Percent of People with Each Score
Percentile by Number Answered
Your Score History
You have not taken this quiz since the last reset